| 000 | 00373nam a2200133Ia 4500 | ||
|---|---|---|---|
| 008 | 230413s9999||||xx |||||||||||||| ||und|| | ||
| 020 | _a9781645876663 | ||
| 082 |
_a658.301 _bI799 |
||
| 100 | _aIshwar, Vivek S | ||
| 245 | 4 | _aThe Juggernaut Within: Eight tools to hack your mind to win your life | |
| 260 |
_aChennai _bNotion Press _c2019 |
||
| 300 | _a112 p. | ||
| 942 | _cBK | ||
| 999 |
_c26425 _d26425 |
||